000 00827nam a2200289 i 4500
001 000015019
003 DO-SdBNP
005 20260311094231.0
008 260411t2015 dr 001 0bspa d
040 _aDO-SdBNP
_bspa
_cBNPHU
_erda
041 _aspa
082 _a923.17293053
_bT866k
_222
100 1 _aKury, Farid,
_d1962-
_eautor
_933990
245 1 0 _aTrujillo el jefe /
_cFarid Kury
250 _aSexta edición
260 _c2006.
264 _aSanto Domingo :
_bEditora Centenario,
_c2015
300 _a104 páginas ;
_c21 cm.
336 _ardacontent
_btexto
_2txt
337 _ardamedia
_bsin mediación
_2n
338 _ardacarrier
_bvolumen
_2nc
590 _aInventariado, 2026/DG
600 1 0 _aTrujillo Molina, Rafael Leónidas,
_d1891-1961
_976764
700 _926776
910 _aDG
942 _2ddc
_cLBS1
999 _c60483
_d60483